| 000 | 00552nam a2200193Ia 4500 | ||
|---|---|---|---|
| 005 | 20260429112213.0 | ||
| 008 | 260429s9999||||xx |||||||||||||| ||und|| | ||
| 020 | _a9781107070479 | ||
| 041 | _aEnglish | ||
| 082 |
_a551.457 _bHAM |
||
| 100 | _aHamylton, Sarah M. | ||
| 245 | 0 |
_aSpatial analysis of coastal environments / _cSarah M. Hamylton |
|
| 260 |
_aNew York : _bCambridge University Press, _c2017. |
||
| 300 | _axvi, 290 p.; hb | ||
| 650 | _a Environmental GIS | ||
| 650 | _a Spatial analysis | ||
| 650 | _aCoastal geography | ||
| 942 | _cTB | ||
| 999 |
_c52876 _d52876 |
||